000 00641cab a2200205 4500
001 WB3442-40
008 090401t1998 xxu||||| |||| 00| 0 eng d
035 _a(Sirsi) u89522
041 _aeng
245 _aExtra cash for green farming
260 _c1998
350 _a0
490 _aMAFF News Release
_v(422/98 29 October 1998 (2)
520 _aMAFF has announced an extra £2m investment into environmentally friendly farming boosting expenditure on Countryside Stewardship.
650 _aCOUNTRYSIDE STEWARDSHIP
650 _aENVIRONMENTALLY-FRIENDLY FARMING
690 _aRURAL PRACTICE
942 _n0
948 _c04/11/1998
999 _c56652
_d56652